Emily Blunt - All The Movies - Statistics

General Stats
  • This quiz has been taken 3 times
  • The average score is 22 of 43
Answer Stats
Picture Answer % Correct
Edge Of Tomorrow (2014)
100%
Gulliver’s Travels (2010)
100%
Jungle Cruise (2021)
100%
My Little Pony: The Movie (2017)
100%
Oppenheimer (2023)
100%
The Fall Guy (2024)
100%
The Huntsman: Winter’s War (2016)
100%
A Quiet Place (2018)
67%
A Quiet Place: Part II (2021)
67%
Gnomeo & Juliet (2011)
67%
Into The Woods (2014)
67%
Mary Poppins Returns (2018)
67%
Sicario (2015)
67%
The Devil Wears Prada (2006)
67%
The Girl On The Train (2016)
67%
The Muppets (2011)
67%
The Young Victoria (2009)
67%
Animal Crackers (2017)
33%
Arthur Newman (2012)
33%
Boudica (2003)
33%
Charlie Wilson’s War (2007)
33%
Dan In Real Life (2007)
33%
Empire (2005)
33%
Gideon’s Daughter (2005)
33%
IF (2024)
33%
Irresistible (2006)
33%
Looper (2012)
33%
My Summer Of Love (2005)
33%
Pain Hustlers (2023)
33%
Salmon Fishing In The Yemen (2012)
33%
Sherlock Gnomes (2018)
33%
Sunshine Cleaning (2008)
33%
The Adjustment Bureau (2011)
33%
The English (2022)
33%
The Five-Year Engagement (2012)
33%
The Great Buck Howard (2008)
33%
The Jane Austen Book Club (2007)
33%
The Smashing Machine (2025)
33%
The Wolfman (2010)
33%
Wild Mountain Thyme (2020)
33%
Wild Target (2010)
33%
Wind Chill (2007)
33%
Your Sister’s Sister (2011)
33%
No matching quizzes found
Score Distribution
Percent of People with Each Score
Percentile by Number Answered
Your Score History
You have not taken this quiz